Ведомости, получаемые из Костромского приказа общественного призрения, о делах Костромской губернии за майскую треть 1788 года, ...

Доступно только в Электронных читальных залах Найти на картеНа карте
RUSMARC
00004773nmc2a22002653x 450
0011f23ccac-3149-4dc5-895c-5cf89314f53f
00520241017172418.0
100##$a20240626l17881788k l0rusy0189 ca
1010#$arus
102##$aRU
105##$ay###
1222#$ad
2001#$aВедомости, получаемые из Костромского приказа общественного призрения, о делах Костромской губернии за майскую треть 1788 года, от 5 сентября 1788 года
$j5-24 сентября 1788 г.
215##$a3 л.
$d36,5х26 см
251##$cДело
300##$aДиректор Степан Карцов; титулярный советник
300##$aОриг. заголовок дела: Дело Костромского наместничества из приказа общественного призрения в Главное училищное правительство. По силе опробованного о народных училищах устава §104 сделанные в приказе общественного призрения, какие вступили в этот, принадлежащие Главному народному училищу входящие, также какие, куда и о чем посланы исходящие, с 1 мая по 1 сентября этого 1788 года, ведомости при этом доставляются 5 сентября 1788 года. 5 сентября 1788 г. - 24 сентября 1788 г
371##$aДокумент не является опубликованным и широко распространяемым
461#0$100174716ac7-ef0a-4ce9-889f-df06b5c6e13c
$12001
$aКомиссия об учреждении народных училищ
$1251
$cФонд
$1852
$j730
462#0$1001e6616291-8022-4671-9001-59f853d67170
$12001
$aЖурналы заседаний и определения Комиссии; ведомости приказов общественного призрения о состоянии и бюджете училищ, учителях, успехах учеников
$1251
$cОпись
$1852
$j2
5171#$aДело Костромского наместничества из приказа общественного призрения в Главное училищное правительство. По силе опробованного о народных училищах устава §104 сделанные в приказе общественного призрения, какие вступили в этот, принадлежащие Главному народному училищу входящие, также какие, куда и о чем посланы исходящие, с 1 мая по 1 сентября этого 1788 года, ведомости при этом доставляются 5 сентября 1788 года. 5 сентября 1788 г. - 24 сентября 1788 г
801#0$aRU
$bРГИА
$c20240626
$gRCR
801#1$aRU
$bГлавНИВЦ
$c20240626
$2rusmarc
801#2$aRU
$bПБ им. Б.Н. Ельцина
$c20241017
$gRCR
$2rusmarc
850##$aРГИА
852##$aРГИА
$eФедеральное казенное учреждение "Российский государственный исторический архив" (РГИА)
$j891
937##$hРГИА
$d12413037
$aASBIBLIO_SCAN
035##$aRusGRCC00078042
856##$uhttp://readingroom.main.prlib.ru/item.aspx?id_node=n194367240&mode=full
Формат отображения